000 01018nam a2200265 a 4500
001 14667
003 BD-RjUL
005 20211208235653.0
008 170605r19661963enka g b 001 0 eng d
035 _a(BD-RjUL)14721
040 _aDLC/ICU
_cCGU
_dBD-RjUL
_beng
041 _aeng
082 0 _a577
_bMOE 1966
_223
100 1 _aMorgan, R. F.
_943898
245 1 0 _aEnvironmental biology /
_c R. F Morgan.
260 _aOxford ;
_aNew York :
_bMacmillan,
_bPergamon Press .
_cc1966
300 _a182 p. :
_bill. ;
_c20 cm.
490 1 _aCommonwealth and international library of science, technology, engineering, and liberal studies. Rural and environmental studies division
500 _aVols. 3-4 have imprint: Oxford, New York, Pergamon Press.
504 _aIncludes Index.
505 0 _aVol. 1----Vol.2----3-- Vol.4---
650 0 _aEnvironmental biology (Ecology)
_945712
830 0 _aCommonwealth and international library of science, technology, engineering, and liberal studies.
_9217850
942 _2ddc
_cBK
999 _c14667
_d14667